Cleaner production (Record no. 140017)

MARC details
000 -LEADER
fixed length control field 00570nam a22001817a 4500
005 - DATE AND TIME OF LATEST TRANSACTION
control field 20170517123624.0
010 ## - LCCN (DPL NO)
LC control number ENG-118206
020 ## - INTERNATIONAL STANDARD BOOK NUMBER
International Standard Book Number 9788189766665
Terms of availability 995.00
035 ## - SYSTEM CONTROL NUMBER
System control number EN-101738
037 ## - SOURCE OF ACQUISITION
Source of stock number/acquisition DBAD/PUB
082 ## - DEWEY DECIMAL CLASSIFICATION NUMBER
Classification number 338.064
100 ## - MAIN ENTRY--PERSONAL NAME
Personal name H D Kumar
245 ## - TITLE STATEMENT
Title Cleaner production
Remainder of title Sustainable trade & industrial ecology /
Statement of responsibility, etc by H D Kumar & Enakshi Kumar
260 ## - PUBLICATION, DISTRIBUTION, ETC. (IMPRINT)
Place of publication, distribution, etc New Delhi
Name of publisher, distributor, etc Vitasta Publishing
Date of publication, distribution, etc 2016
270 ## - ADDRESS
Address 2/15, Ansari Road, Daryaganj, New Delhi-110002
300 ## - PHYSICAL DESCRIPTION
Extent xvi, 380p
Dimensions 23cm.(Hb)
942 ## - ADDED ENTRY ELEMENTS (KOHA)
Source of classification or shelving scheme Dewey Decimal Classification
Item type English Books
Classification part 338.064
Call number suffix KUM
Holdings
Withdrawn status Lost status Not for loan Collection code Home library Current library Date acquired Source of acquisition Cost, normal purchase price Full call number Barcode Copy number Cost, replacement price Koha item type
      Non-fiction Central Jail Tihar Central Jail Tihar 17/05/2017 DBAD/PUB 995.00 338.064 KUM EN-101738 1 995.00 English Books

© Delhi Public Library
Hit Counter
free hit counter